| 000 | 00605nam a22001937a 4500 | ||
|---|---|---|---|
| 008 | 151007b xxu||||| |||| 00| 0 eng d | ||
| 020 | _a9780495559672 | ||
| 020 | _a0495559997 | ||
| 041 | 0 | _aeng | |
| 080 | _a510 | ||
| 100 | 1 | _aTan, S. T. | |
| 240 | 1 | 0 | _aMathematics for the managerial, life, and social sciences |
| 245 | 1 | 0 |
_aApplied mathematics for the managerial, life, and social sciences / _cSoo T. Tan. |
| 250 | _a5th ed | ||
| 260 |
_aAustralia ; _aUnited States : _bBrooks/Cole Cengage Learning, _c2010. |
||
| 300 |
_axxii, 919 f. : _bme il.; _c29 cm. |
||
| 650 | 0 | _aMatematik | |
| 942 |
_2udc _cBK |
||
| 999 |
_c1235 _d1235 |
||